Medové motúziky pre budúcich dôchodcov

Význam doplnkového dôchodkového poistenia. Doplnkové dôchodky. Začiatok sporenia na dôchodok.

Gespeichert in:
Bibliographische Detailangaben
1. Verfasser: Krištofičová, Dagmar
Format: Buchkapitel
Sprache:Slowakisch
Schlagworte:
Tags: Tag hinzufügen
Keine Tags, Fügen Sie das erste Tag hinzu!

MARC

LEADER 00000naa a2200000 4500
001 r020162
005 20251104124031.3
041 0 |a slo 
044 |a SK 
245 1 0 |a Medové motúziky pre budúcich dôchodcov  |c Dagmar Krištofičová 
520 |a Význam doplnkového dôchodkového poistenia. Doplnkové dôchodky. Začiatok sporenia na dôchodok. 
610 2 0 |a poistenie dôchodkové 
610 2 0 |a zabezpečenie dôchodkové 
610 2 0 |a dôchodky 
610 2 0 |a sporenie obyvateľstva 
610 2 0 |a pripoistenie 
100 1 |a Krištofičová, Dagmar